Statystyki dla Top 5 najmniejszych państw Ameryki Północnej

Kliknij tutaj aby rozwiązać quiz!

Ogólne statystyki

  • Ten quiz został rozwiązany 172 razy
  • Średni wynik to 4 z 5

Statystyki odpowiedzi

km2Państwo% Poprawnych
261Saint Kitts i
Nevis
85%
389Saint Vincent
i Grenadyny
82%
431Barbados
73%
344Grenada
73%
442Antigua i Barbuda
69%

Rozkład punktacji

Percentyl według liczby udzielonych odpowiedzi

Procent ludzi z każdym wynikiem

Twoja historia wyników

Nie rozwiązałeś tego quizu